Datum a čas kvízu
32.5
Celkem bodů
Celkový počet nahraných bodů na tomto kvízu bez doplňovacích otázek.
6.
Pořadí na kvízu
Konečné umístění týmu na tomto kvízu.
Zaznamenané odpovědi
| # | Otázka | Odpověď | Body | Výsledky |
|---|---|---|---|---|
| 1. | Jiří Langmajer, Zdislava Pokor... | Hejt není názor | 0 | |
| 2. | Britská Sněmovna lordů v pátek... | C | 0 | |
| 3. | Kterému rapperovi byl zakázán... | Kanyemu Westovi | 1 | |
| 4. | Kterému živočichovi, jenž pomá... | A | 1 | |
| 5. | Cyklistický závod Kolem Flande... | A | 1 | |
| 6. | Vaším prvním úkolem v dnešním... | 1C 2A 3B 4D | 0 | |
| 7. | Poznejte gangsterku dle stručn... | Dannyho parťáci (Ocean's Eleven) | 1 | |
| 8. | Bud Spencer a Terence Hill spo... | v Itálii | 1 | |
| 9. | Gangster, na kterého se ptáme,... | Jabba Hutt | 1 | |
| 10. | Uveďte jméno i příjmení postav... | John Wick | 0 |